| 000 | 00682nam a22001817a 4500 | ||
|---|---|---|---|
| 999 |
_c183564 _d183564 |
||
| 005 | 20211228155416.0 | ||
| 010 | _aENG-130728 | ||
| 020 |
_a9789388754378 _c699.00 |
||
| 035 | _aEN-114260 | ||
| 037 | _bDBAD | ||
| 082 | _a338.04092 | ||
| 100 | _aRao, Sidharth | ||
| 245 |
_aHow I Almost Blew It: _bIncredible Lesson from India's Most Successful Digital Entrepreneurs/ _cSidharth Rao |
||
| 260 |
_aChennai _bWestland Publication Private Limited _c2019 |
||
| 270 |
_a1st Floor, A Block, East Wing, Plot No. 40, SP Infocity, Dr MGR Saiai, Purungudi, Kandanchavadi _bChennai _e600096 |
||
| 300 |
_aix, 298p _c22cm(hbk) _bAfterword |
||
| 942 |
_2ddc _cEN _h338.04092 _mRAO |
||